Подробности
| 000 -МАРКЕР |
| контрольное поле |
01927nam0a2200349 4500 |
| 001 - ИДЕНТИФИКАТОР ЗАПИСИ |
| контрольное поле |
RU\NLR\bibl\1330795 |
| 005 - ИДЕНТИФИКАТОР ВЕРСИИ |
| контрольное поле |
20250615163754.0 |
| 021 ## - НОМЕР ГОСУДАРСТВЕННОЙ РЕГИСТРАЦИИ |
| Код страны |
|
| Номер |
5920-07 |
| 035 ## - ДРУГИЕ СИСТЕМНЫЕ НОМЕРА |
| Идентификатор записи |
(nilc)RSL-KNO-003324745 |
| 035 ## - ДРУГИЕ СИСТЕМНЫЕ НОМЕРА |
| Идентификатор записи |
(NLR Aleph) 001316030 |
| 100 ## - ДАННЫЕ ОБЩЕЙ ОБРАБОТКИ |
| Данные общей обработки |
20071102d2000 |||y0rusy50 ca |
| 101 0# - ЯЗЫК РЕСУРСА |
| Язык текста, звукозаписи и т.д. |
русский |
| 102 ## - СТРАНА ПУБЛИКАЦИИ ИЛИ ПРОИЗВОДСТВА |
| Страна публикации |
российская федерация |
| 105 ## - ПОЛЕ КОДИРОВАННЫХ ДАННЫХ: ТЕКСТОВЫЕ МАТЕРИАЛЫ, МОНОГРАФИЧЕСКИЕ |
| Кодированные данные о монографическом текстовом документе |
a ||||||||| |
| 200 1# - ЗАГЛАВИЕ И СВЕДЕНИЯ ОБ ОТВЕТСТВЕННОСТИ |
| Основное заглавие |
О жизни музея в эпоху перемен ... |
| Сведения, относящиеся к заглавию |
воспоминания шестнадцатого директора Государственного Исторического музея |
| Первые сведения об ответственности |
К. Г. Левыкин |
| Последующие сведения об ответственности |
[Гос. ист. музей] |
| 210 ## - ПУБЛИКАЦИЯ, РАСПРОСТРАНЕНИЕ И ДР. |
| Место издания, распространения и т.д. |
Москва |
| Имя издателя, распространителя и т. д. |
РИЦ ГИМ |
| Дата издания, распространения и т.д. |
2000 |
| 215 ## - ФИЗИЧЕСКАЯ ХАРАКТЕРИСТИКА |
| Специфическое обозначение материала и объем |
237, [1] с. |
| Другие сведения о физической характеристике |
портр. |
| Размеры |
21 |
| 225 1# - СЕРИЯ |
| Основное заглавие серии |
Из истории Государственного Исторического музея |
| 601 02 - НАИМЕНОВАНИЕ ОРГАНИЗАЦИИ КАК ПРЕДМЕТ |
| Начальный элемент ввода |
Государственный исторический музей |
| Идентифицирующий признак |
Москва, город |
| Формальный подзаголовок |
Воспоминания, записки и т.п. |
| Тематический подзаголовок |
История |
| Системный номер авторитетной/нормативной записи |
2531926 |
| Идентификатор авторитетной/нормативной записи |
RU\NLR\auth\661499661 |
| 610 0# - НЕКОНТРОЛИРУЕМЫЕ ПРЕДМЕТНЫЕ ТЕРМИНЫ |
| Предметный термин |
Культура. Наука. Просвещение -- Музейное дело. Музееведение -- История -- Россия -- Персоналии деятелей музейного дела -- Левыкин Константин Григорьевич (р. 1925) - деятель музейного дела |
| 610 0# - НЕКОНТРОЛИРУЕМЫЕ ПРЕДМЕТНЫЕ ТЕРМИНЫ |
| Предметный термин |
Государственный исторический музей (Москва) |
| 686 ## - ИНДЕКСЫ ДРУГИХ КЛАССИФИКАЦИЙ |
| Индекс |
Ч773(2)7-8Левыкин К.Г.,0 |
| Код системы |
|
| 686 ## - ИНДЕКСЫ ДРУГИХ КЛАССИФИКАЦИЙ |
| Индекс |
Т3(2)л60,013 |
| 700 #1 - ИМЯ ЛИЦА - ПЕРВИЧНАЯ ОТВЕТСТВЕННОСТЬ |
| Код отношения |
Автор |
| Графика поля |
Кириллица |
| Материалы, к которым относится поле |
rus |
| Начальный элемент ввода |
Левыкин |
| Часть имени, кроме начального элемента ввода |
К. Г. |
| Даты |
1925-2015 |
| Расширение инициалов личного имени |
Константин Григорьевич |
| Системный номер авторитетной/нормативной записи |
181687 |
| Идентификатор авторитетной/нормативной записи |
RU\NLR\AUTH\770181738 |
| 801 #0 - ИСТОЧНИК ЗАПИСИ |
| Страна |
российская федерация |
| Организация |
РГБ |
| Дата составления |
20071102 |
| Правила каталогизации |
rcr |
| 801 #1 - ИСТОЧНИК ЗАПИСИ |
| Страна |
российская федерация |
| Организация |
РГБ |
| Дата составления |
20071102 |
| 801 #2 - ИСТОЧНИК ЗАПИСИ |
| Страна |
российская федерация |
| Организация |
NLR |
| Дата составления |
20081105 |
| Правила каталогизации |
rcr |
| 830 ## - ОБЩЕЕ ПРИМЕЧАНИЕ, СОСТАВЛЕННОЕ КАТАЛОГИЗАТОРОМ |
| Текст примечания |
авт. по эк |
| 942 ## - ДОПОЛНИТЕЛЬНЫЕ ЭЛЕМЕНТЫ ЗАПИСИ (АБИС) |
| Тип экземпляра АБИС |
Книга |
| 980 ## - КОЛЛЕКЦИЯ |
| Название коллекции |
Национальная библиография |